[Event "POL-chT 1st League"]
[Site "Ustron"]
[Date "2020.09.11"]
[Round "7.4"]
[White "Ciesla, Adam"]
[Black "Kozak, Antoni"]
[Result "0-1"]
[WhiteElo "2294"]
[BlackElo "2347"]
[PlyCount "114"]
[EventDate "2020.09.05"]
[EventType "team-tourn"]
[EventRounds "9"]
[EventCountry "POL"]
[SourceTitle "CBM 198 Extra"]
[Source "ChessBase"]
[SourceDate "2020.11.30"]
[SourceVersion "1"]
[SourceVersionDate "2020.11.30"]
[SourceQuality "1"]
[WhiteTeam "Czestochowa Hetman"]
[BlackTeam "Czarna LKSz"]
[WhiteTeamCountry "POL"]
[BlackTeamCountry "POL"]

1. e4 c6 2. d4 d5 3. Nd2 dxe4 4. Nxe4 Nf6 5. Nxf6+ exf6 6. c3 Bd6 7. Bd3 0-0 8. Qc2 Re8+ 9. Ne2 f5 10. Bd2 Na6 11. 0-0-0 Be6 12. Kb1 Qa5 13. c4 Qd8 14. a3 Nc7 15. g4 g6 16. h4 fxg4 17. h5 Qf6 18. c5 Bf8 19. Bf4 Qe7 20. Bd6 Qd7 21. Ng3 Bd5 22. hxg6 fxg6 23. Be5 Bg7 24. Ne4 Bxe4 25. Bxe4 Bxe5 26. dxe5 Nd5 27. Rh6 Rxe5 28. Rdh1 Nf4 29. Qc4+ Qe6 30. Qxe6+ Rxe6 31. Rxh7 Rae8 32. Rh8+ Kg7 33. R8h7+ Kf6 34. Bc2 Re1+ 35. Rxe1 Rxe1+ 36. Ka2 Re7 37. Rh8 Re2 38. Bd1 Rxf2 39. Bxg4 Kg5 40. Bc8 Nd3 41. Ka1 Rxb2 42. Rh7 Rb3 43. Bxb7 Rxa3+ 44. Kb1 Ne5 45. Rc7 Ra5 46. Ba8 Rb5+ 47. Ka2 a5 48. Ka3 Rxc5 49. Ka4 Kf4 50. Rc8 g5 51. Rf8+ Ke4 52. Bb7 g4 53. Ba6 g3 54. Bf1 Ke3 55. Rf5 Nd3 56. Rf6 Nf4 57. Rf7 Rc1 0-1

[Event "POL-chT 1st League"]
[Site "Ustron"]
[Date "2020.09.07"]
[Round "3.5"]
[White "Dudzinski, Pawel"]
[Black "Ciesla, Adam"]
[Result "1/2-1/2"]
[WhiteElo "2199"]
[BlackElo "2294"]
[PlyCount "49"]
[EventDate "2020.09.05"]
[EventType "team-tourn"]
[EventRounds "9"]
[EventCountry "POL"]
[SourceTitle "CBM 198 Extra"]
[Source "ChessBase"]
[SourceDate "2020.11.30"]
[SourceVersion "1"]
[SourceVersionDate "2020.11.30"]
[SourceQuality "1"]
[WhiteTeam "Ostrow Wielkopolski"]
[BlackTeam "Czestochowa Hetman"]
[WhiteTeamCountry "POL"]
[BlackTeamCountry "POL"]

1. e4 e5 2. Nf3 Nf6 3. Nxe5 Nxe4 4. Qe2 Qe7 5. d3 Qxe5 6. Qxe4 Qxe4+ 7. dxe4 Nc6 8. Be3 Bb4+ 9. c3 Be7 10. Nd2 d6 11. h3 f5 12. Bd3 0-0 13. f4 Bh4+ 14. Ke2 Ne7 15. Bc4+ Kh8 16. e5 dxe5 17. Nf3 exf4 18. Bxf4 Ng6 19. Bxc7 Bd7 20. Nxh4 Nxh4 21. Bd5 f4 22. Kf2 Bc6 23. Bxc6 bxc6 24. Rhd1 Rae8 25. Re1 1/2-1/2

[Event "POL-chT 1st League"]
[Site "Ustron"]
[Date "2020.09.06"]
[Round "2.2"]
[White "Ciesla, Adam"]
[Black "Luch, Michal"]
[Result "1/2-1/2"]
[WhiteElo "2294"]
[BlackElo "2389"]
[PlyCount "85"]
[EventDate "2020.09.05"]
[EventType "team-tourn"]
[EventRounds "9"]
[EventCountry "POL"]
[SourceTitle "CBM 198 Extra"]
[Source "ChessBase"]
[SourceDate "2020.11.30"]
[SourceVersion "1"]
[SourceVersionDate "2020.11.30"]
[SourceQuality "1"]
[WhiteTeam "Czestochowa Hetman"]
[BlackTeam "Wisznia Mala Bialy Krol"]
[WhiteTeamCountry "POL"]
[BlackTeamCountry "POL"]

1. e4 c5 2. Nf3 Nc6 3. c3 Nf6 4. e5 Nd5 5. Na3 g6 6. g3 Bg7 7. Bg2 Nc7 8. Qe2 0-0 9. 0-0 d6 10. exd6 exd6 11. Qd1 d5 12. d4 cxd4 13. Nxd4 Nxd4 14. cxd4 Ne6 15. Be3 Qb6 16. Nc2 Nc7 17. Qd2 Bf5 18. Nb4 a5 19. Nxd5 Nxd5 20. Bxd5 Rfd8 21. Bg2 Bxd4 22. Bxd4 Rxd4 23. Qe3 Qxb2 24. Bxb7 Rad8 25. Bg2 Rd2 26. Qe7 R8d7 27. Qc5 Rc2 28. Qxa5 Rxf2 29. Rxf2 Qxa1+ 30. Rf1 Qd4+ 31. Kh1 Be6 32. a3 Qb2 33. Qb4 Qe2 34. Qe1 Qa2 35. Qb4 Qe2 36. Qe1 Qc2 37. Qb1 Qc3 38. Qb4 Qe3 39. Qb8+ Kg7 40. Qb2+ Kh6 41. Qb4 Kg7 42. Qb2+ Kg8 43. Qb8+ 1/2-1/2

[Event "POL-chT 1st League"]
[Site "Dzwirzyno"]
[Date "2019.09.14"]
[Round "8.1"]
[White "Walter, Szymon"]
[Black "Ciesla, Adam"]
[Result "1/2-1/2"]
[WhiteElo "2311"]
[BlackElo "2273"]
[PlyCount "89"]
[EventDate "2019.09.07"]
[EventType "team-tourn"]
[EventRounds "9"]
[EventCountry "POL"]
[SourceTitle "EXT 2020"]
[Source "ChessBase"]
[SourceDate "2019.10.17"]
[SourceVersion "1"]
[SourceVersionDate "2019.10.17"]
[SourceQuality "1"]
[WhiteTeam "Podlesie UKS 21"]
[BlackTeam "Czestochowa Hetman"]
[WhiteTeamCountry "POL"]
[BlackTeamCountry "POL"]

1. e4 e5 2. Nf3 Nf6 3. Nxe5 Nxe4 4. Qe2 Qe7 5. d3 Qxe5 6. dxe4 Bb4+ 7. c3 Bc5 8. Be3 0-0 9. Nd2 Nc6 10. 0-0-0 Re8 11. f4 Qe7 12. Bxc5 Qxc5 13. Qb5 Qe3 14. Bc4 d6 15. Rde1 Qb6 16. Qg5 Be6 17. Bd5 Ne7 18. Bxe6 fxe6 19. h4 Nc6 20. h5 Qa5 21. Qxa5 Nxa5 22. Kc2 Re7 23. Nf3 Nc6 24. b4 a6 25. a4 a5 26. b5 Na7 27. e5 Rf8 28. g3 d5 29. Nd4 Nc8 30. Nb3 Nb6 31. Nxa5 Nxa4 32. Nb3 Nb6 33. Ra1 Nc4 34. Ra7 b6 35. Rha1 g5 36. hxg6 hxg6 37. Ra8 Ree8 38. Rxe8 Rxe8 39. Ra7 Rc8 40. Ra1 Kf7 41. Nd4 Rh8 42. Ra7 Rc8 43. Nc6 Ke8 44. Kd3 Kd7 45. Ke2 1/2-1/2

[Event "POL-chT 1st League"]
[Site "Dzwirzyno"]
[Date "2019.09.13"]
[Round "7.1"]
[White "Ciesla, Adam"]
[Black "Reza, Wojciech"]
[Result "0-1"]
[WhiteElo "2273"]
[BlackElo "2293"]
[PlyCount "90"]
[EventDate "2019.09.07"]
[EventType "team-tourn"]
[EventRounds "9"]
[EventCountry "POL"]
[SourceTitle "EXT 2020"]
[Source "ChessBase"]
[SourceDate "2019.10.17"]
[SourceVersion "1"]
[SourceVersionDate "2019.10.17"]
[SourceQuality "1"]
[WhiteTeam "Czestochowa Hetman"]
[BlackTeam "Gostynin Gostmat 83"]
[WhiteTeamCountry "POL"]
[BlackTeamCountry "POL"]

1. e4 c5 2. Nf3 Nc6 3. c3 Nf6 4. e5 Nd5 5. Na3 g6 6. g3 Bg7 7. Bg2 0-0 8. 0-0 Nc7 9. d4 cxd4 10. cxd4 d6 11. exd6 Qxd6 12. Bf4 Qd8 13. Rc1 Ne6 14. Be5 Nexd4 15. Bxg7 Kxg7 16. Nxd4 Nxd4 17. Rc4 e5 18. f4 Qb6 19. fxe5 Nf5+ 20. Rf2 Be6 21. Rc3 Ne3 22. Qd6 Qxd6 23. exd6 Nd1 24. Rd2 Nxc3 25. bxc3 Rac8 26. Bxb7 Rxc3 27. Nb5 Rc1+ 28. Kf2 Rb1 29. a4 Bd7 30. Ba6 Rb4 31. Nc3 Bxa4 32. d7 Rd8 33. Bc8 Bc6 34. Ne2 Rb6 35. Nf4 Bb7 36. Rc2 Rc6 37. Ra2 Bxc8 38. dxc8Q Rcxc8 39. Rxa7 Rd2+ 40. Kf3 Rxh2 41. Ne6+ Kf6 42. Nf4 Rc3+ 43. Ke4 Rxg3 44. Ra6+ Kg5 45. Ra5+ f5+ 0-1

[Event "POL-chT 1st League"]
[Site "Dzwirzyno"]
[Date "2019.09.10"]
[Round "4.1"]
[White "Sabuk, Piotr"]
[Black "Ciesla, Adam"]
[Result "0-1"]
[WhiteElo "2397"]
[BlackElo "2273"]
[PlyCount "68"]
[EventDate "2019.09.07"]
[EventType "team-tourn"]
[EventRounds "9"]
[EventCountry "POL"]
[SourceTitle "EXT 2020"]
[Source "ChessBase"]
[SourceDate "2019.10.17"]
[SourceVersion "1"]
[SourceVersionDate "2019.10.17"]
[SourceQuality "1"]
[WhiteTeam "Plock Hetman"]
[BlackTeam "Czestochowa Hetman"]
[WhiteTeamCountry "POL"]
[BlackTeamCountry "POL"]

1. d4 g6 2. e4 Bg7 3. Nf3 c5 4. d5 d6 5. Nc3 a6 6. a4 Nf6 7. Bc4 Bg4 8. h3 Bxf3 9. Qxf3 0-0 10. 0-0 Nfd7 11. Qe2 f5 12. f4 Kh8 13. Bd2 Nb6 14. Bd3 N8d7 15. a5 c4 16. Bxc4 Nxc4 17. Qxc4 Rc8 18. Qe2 Rc5 19. Rae1 Bf6 20. exf5 gxf5 21. Kh2 Rxa5 22. Qe6 Rc5 23. g4 b5 24. g5 Bg7 25. Rf2 b4 26. Nd1 Rxc2 27. Bxb4 Rxf2+ 28. Nxf2 Qb6 29. Nd3 Qd4 30. Qxd7 Qxd3 31. Qxe7 Rc8 32. Re2 Be5 33. fxe5 Qxe2+ 34. Kg3 Qe3+ 0-1

[Event "POL-chT 1st League"]
[Site "Dzwirzyno"]
[Date "2019.09.08"]
[Round "2.1"]
[White "Redlich, Bogdan"]
[Black "Ciesla, Adam"]
[Result "0-1"]
[WhiteElo "1600"]
[BlackElo "2273"]
[PlyCount "68"]
[EventDate "2019.09.07"]
[EventType "team-tourn"]
[EventRounds "9"]
[EventCountry "POL"]
[SourceTitle "EXT 2020"]
[Source "ChessBase"]
[SourceDate "2019.10.17"]
[SourceVersion "1"]
[SourceVersionDate "2019.10.17"]
[SourceQuality "1"]
[WhiteTeam "Lodz Okucia Budowlane"]
[BlackTeam "Czestochowa Hetman"]
[WhiteTeamCountry "POL"]
[BlackTeamCountry "POL"]

1. d4 g6 2. Nf3 Bg7 3. c4 c5 4. d5 d6 5. Nc3 e6 6. g3 Ne7 7. Bg2 exd5 8. cxd5 a6 9. a4 0-0 10. 0-0 h6 11. Nd2 Nd7 12. Nc4 Nb6 13. Na3 Bd7 14. a5 Nbc8 15. Nc4 Bb5 16. Qb3 Bxc4 17. Qxc4 b5 18. axb6 Nxb6 19. Qb3 Qc7 20. Qc2 Nf5 21. e3 Nd4 22. exd4 cxd4 23. Qd3 dxc3 24. bxc3 a5 25. Be3 Qc4 26. Rfd1 Qxd3 27. Rxd3 Nc4 28. Bd4 Rfc8 29. Bxg7 Kxg7 30. Rd4 Rc5 31. Bf1 Ne5 32. Rda4 Nd7 33. Rb1 Rxc3 34. Rb7 Nc5 0-1

[Event "POL-chT 1st League"]
[Site "Dzwirzyno"]
[Date "2019.09.07"]
[Round "1.1"]
[White "Ciesla, Adam"]
[Black "Jaroch, Karol"]
[Result "1-0"]
[WhiteElo "2273"]
[BlackElo "2236"]
[PlyCount "57"]
[EventDate "2019.09.07"]
[EventType "team-tourn"]
[EventRounds "9"]
[EventCountry "POL"]
[SourceTitle "EXT 2020"]
[Source "ChessBase"]
[SourceDate "2019.10.17"]
[SourceVersion "1"]
[SourceVersionDate "2019.10.17"]
[SourceQuality "1"]
[WhiteTeam "Czestochowa Hetman"]
[BlackTeam "Pawlowice Gminy"]
[WhiteTeamCountry "POL"]
[BlackTeamCountry "POL"]

1. e4 c5 2. Nf3 d6 3. c3 Nf6 4. Be2 Nc6 5. d4 cxd4 6. cxd4 Nxe4 7. d5 Qa5+ 8. Nc3 Nxc3 9. bxc3 Ne5 10. Nxe5 dxe5 11. 0-0 g6 12. Rb1 a6 13. c4 Bg7 14. d6 Bf6 15. Bf3 exd6 16. Qxd6 Qd8 17. Ba3 Qxd6 18. Bxd6 Be7 19. Bxe5 0-0 20. Rfd1 Re8 21. Bd4 Rb8 22. c5 Bf5 23. Rxb7 Rxb7 24. Bxb7 Rd8 25. Bf3 Be4 26. Be2 Bd5 27. Be5 Bxa2 28. Rxd8+ Bxd8 29. c6 1-0

[Event "POL-chT 1st League"]
[Site "Poronin"]
[Date "2016.09.03"]
[Round "1.2"]
[White "Reza, Wojciech"]
[Black "Ciesla, Adam"]
[Result "0-1"]
[WhiteElo "2310"]
[BlackElo "2291"]
[PlyCount "86"]
[EventDate "2016.09.03"]
[EventType "team-tourn"]
[EventRounds "9"]
[EventCountry "POL"]
[SourceTitle "CBM 174 Extra"]
[Source "ChessBase"]
[SourceDate "2016.10.10"]
[SourceVersion "1"]
[SourceVersionDate "2016.10.10"]
[SourceQuality "1"]
[WhiteTeam "Gliwice Akademia Szachowa"]
[BlackTeam "Czestochowa Hetman"]
[WhiteTeamCountry "POL"]
[BlackTeamCountry "POL"]

1. e4 e5 2. Nf3 Nc6 3. Bb5 Bc5 4. 0-0 d6 5. c3 Bd7 6. d4 Bb6 7. dxe5 Nxe5 8. Bxd7+ Qxd7 9. a4 a6 10. Nxe5 dxe5 11. Qxd7+ Kxd7 12. Rd1+ Ke6 13. Kf1 Nf6 14. f3 Rad8 15. Rxd8 Rxd8 16. Ke1 Bg1 17. h3 Nh5 18. Na3 Bh2 19. g4 Nf4 20. Bxf4 Bxf4 21. Rd1 Rxd1+ 22. Kxd1 Kf6 23. Nc4 Kg5 24. Na5 b6 25. Nc6 Kh4 26. Nd8 Kxh3 27. Nxf7 g6 28. Ke2 Kg2 29. g5 a5 30. b4 c6 31. bxa5 bxa5 32. Nd8 Bxg5 33. Nxc6 h5 34. Nxe5 h4 35. c4 h3 36. Ng4 Bf4 37. Nf2 Bd6 38. Ng4 h2 39. Nf2 Bg3 40. Nh1 Kxh1 41. Kf1 Be5 42. c5 Bg3 43. c6 g5 0-1

[Event "POL-chT1"]
[Site "Poronin"]
[Date "2014.09.07"]
[Round "9.5"]
[White "Ciesla, Adam"]
[Black "Przybylski, Wojciech"]
[Result "1-0"]
[WhiteElo "2304"]
[BlackElo "2359"]
[PlyCount "53"]
[EventDate "2014.08.31"]
[EventType "team-tourn"]
[EventRounds "9"]
[EventCountry "POL"]
[SourceTitle "CBM 162 Extra"]
[Source "ChessBase"]
[SourceDate "2014.10.17"]
[SourceVersion "1"]
[SourceVersionDate "2014.10.17"]
[SourceQuality "1"]
[WhiteTeam "Czestochowa Hetman"]
[BlackTeam "Gliwice Akademia Szachowa II"]
[WhiteTeamCountry "POL"]
[BlackTeamCountry "POL"]

1. e4 e5 2. d4 exd4 3. Nf3 Nf6 4. e5 Ne4 5. Qxd4 d5 6. exd6 Nxd6 7. Bd3 Nc6 8. Qc3 Be6 9. 0-0 h6 10. Nbd2 a6 11. Re1 Nb5 12. Qb3 Be7 13. Rxe6 fxe6 14. Bg6+ Kd7 15. c4 Nbd4 16. Nxd4 Nxd4 17. Qxb7 Ne2+ 18. Kf1 Nxc1 19. Rxc1 Qb8 20. Qe4 Qxb2 21. Rd1 Bd6 22. c5 Qb5+ 23. Nc4 Rad8 24. Bf7 Ke7 25. Bxe6 Be5 26. Bd5 Kf6 27. Qxe5+ 1-0

[Event "POL-chT1"]
[Site "Poronin"]
[Date "2014.09.01"]
[Round "2.5"]
[White "Karpus, Michal"]
[Black "Ciesla, Adam"]
[Result "1/2-1/2"]
[WhiteElo "2093"]
[BlackElo "2304"]
[PlyCount "83"]
[EventDate "2014.08.31"]
[EventType "team-tourn"]
[EventRounds "9"]
[EventCountry "POL"]
[SourceTitle "CBM 162 Extra"]
[Source "ChessBase"]
[SourceDate "2014.10.17"]
[SourceVersion "1"]
[SourceVersionDate "2014.10.17"]
[SourceQuality "1"]
[WhiteTeam "Grudziadz Rotmistrz II"]
[BlackTeam "Czestochowa Hetman"]
[WhiteTeamCountry "POL"]
[BlackTeamCountry "POL"]

1. e4 e5 2. Nf3 Nc6 3. Bc4 Bc5 4. c3 Nf6 5. d3 a6 6. 0-0 0-0 7. b4 Ba7 8. a4 b5 9. Bb3 d5 10. exd5 Nxd5 11. Re1 Bg4 12. Qe2 Qd6 13. Bd2 Ndxb4 14. cxb4 Nd4 15. Qd1 Bxf3 16. gxf3 Nxb3 17. Qxb3 Qd4 18. Rf1 Qxa1 19. Nc3 bxa4 20. Qc2 Qa3 21. Rb1 Bd4 22. Nxa4 Rfd8 23. Bc3 a5 24. Ra1 Qxa1+ 25. Bxa1 Bxa1 26. b5 Rac8 27. Nc5 Bd4 28. Nb7 Re8 29. Nxa5 h6 30. Nc6 Bb6 31. Qc3 f6 32. Qc4+ Kh8 33. Qf7 Bc5 34. Kg2 Kh7 35. Kg3 Bd6 36. Kg4 Rf8 37. Qd7 f5+ 38. Kh3 Kh8 39. Kg2 Kh7 40. Qe6 Rce8 41. Qd7 Rc8 42. Qe6 1/2-1/2

[Event "POL-chT1"]
[Site "Szklarska Poreba"]
[Date "2013.09.11"]
[Round "5"]
[White "Janaszak, Dawid"]
[Black "Ciesla, Adam"]
[Result "1-0"]
[WhiteElo "2407"]
[BlackElo "2319"]
[PlyCount "99"]
[EventDate "2013.09.07"]
[EventType "team-tourn"]
[EventRounds "9"]
[EventCountry "POL"]
[SourceTitle "EXT 2015"]
[Source "ChessBase"]
[SourceDate "2014.11.20"]
[SourceVersion "1"]
[SourceVersionDate "2014.11.20"]
[SourceQuality "1"]
[WhiteTeam "Ostrow Wielkopolski"]
[BlackTeam "Czestochowa Hetman"]
[WhiteTeamCountry "POL"]
[BlackTeamCountry "POL"]

1. c4 Nf6 2. Nc3 g6 3. g3 d5 4. cxd5 Nxd5 5. Bg2 Nb6 6. d3 Bg7 7. Be3 Nc6 8. Nf3 0-0 9. Qd2 Re8 10. Bh6 Nd4 11. 0-0-0 e5 12. h4 Bxh6 13. Qxh6 Nf5 14. Qd2 h5 15. Ng5 Ng7 16. Kb1 Bf5 17. e4 Be6 18. f4 Qd6 19. f5 gxf5 20. Rhf1 Rad8 21. Bh3 f4 22. gxf4 exf4 23. Rxf4 Nc4 24. Qf2 Ne5 25. d4 Nc4 26. Rxf7 Rf8 27. Rxg7+ Kxg7 28. Nxe6+ Qxe6 29. Qxf8+ Rxf8 30. Bxe6 Ne3 31. Re1 Nf1 32. Bf5 Nd2+ 33. Kc2 Nf3 34. Rf1 Nxd4+ 35. Kd3 Rd8 36. Ke3 Kf6 37. Kf4 c6 38. e5+ Ke7 39. Ne4 Rg8 40. Rd1 Rd8 41. Nd6 c5 42. Ke4 Rg8 43. Nxb7 Rb8 44. Nxc5 Ne2 45. Rd7+ Kf8 46. e6 Rb4+ 47. Ke5 Nf4 48. Kf6 Rb8 49. Ne4 Kg8 50. Kg5 1-0

[Event "POL-chT 2nd League"]
[Site "Lazy"]
[Date "2012.09.06"]
[Round "6"]
[White "Tazbir, Marcin"]
[Black "Ciesla, Adam"]
[Result "1/2-1/2"]
[WhiteElo "2554"]
[BlackElo "2336"]
[PlyCount "52"]
[EventDate "2012.09.01"]
[EventType "team-swiss"]
[EventRounds "9"]
[EventCountry "POL"]
[SourceTitle "EXT 2019"]
[Source "ChessBase"]
[SourceDate "2018.10.10"]
[SourceVersion "1"]
[SourceVersionDate "2018.10.10"]
[SourceQuality "1"]
[WhiteTeam "Krakow Wisla"]
[BlackTeam "Czestochowa UKS Hetman"]
[WhiteTeamCountry "POL"]
[BlackTeamCountry "POL"]

1. e4 e5 2. Nf3 Nc6 3. Bb5 a6 4. Ba4 b5 5. Bb3 Na5 6. 0-0 d6 7. d4 exd4 8. Qxd4 Bb7 9. Bg5 Qd7 10. c4 c5 11. Qd3 f6 12. Bf4 Nxb3 13. axb3 b4 14. Nbd2 0-0-0 15. Rfd1 g5 16. Bg3 h5 17. h4 Nh6 18. hxg5 fxg5 19. Nxg5 Be7 20. Bh4 Rhg8 21. f4 Bf6 22. Rab1 Bd4+ 23. Bf2 Bf6 24. Bh4 Bd4+ 25. Bf2 Bf6 26. Bh4 Bd4+ 1/2-1/2

[Event "POL-chT 2nd League"]
[Site "Mrzezyno"]
[Date "2011.09.09"]
[Round "7.38"]
[White "Ciesla, Adam"]
[Black "Tymrakiewicz, Rafal"]
[Result "1-0"]
[WhiteElo "2313"]
[BlackElo "2322"]
[PlyCount "76"]
[EventDate "2011.09.03"]
[EventType "team-swiss"]
[EventRounds "9"]
[EventCountry "POL"]
[SourceTitle "EXT 2015"]
[Source "ChessBase"]
[SourceDate "2014.11.20"]
[SourceVersion "1"]
[SourceVersionDate "2014.11.20"]
[SourceQuality "1"]
[WhiteTeam "Czestochowa UKS Hetman"]
[BlackTeam "Chroscice LZS Victoria"]
[WhiteTeamCountry "POL"]
[BlackTeamCountry "POL"]

1. e4 Nf6 2. Nc3 d5 3. e5 Ne4 4. Nce2 f6 5. d3 Ng5 6. f4 Nf7 7. d4 c5 8. c3 cxd4 9. cxd4 Nc6 10. h3 Qb6 11. Nf3 Bf5 12. Nc3 e6 13. a3 fxe5 14. fxe5 Be7 15. Be2 0-0 16. b4 Rac8 17. Na4 Qd8 18. 0-0 Ncxe5 19. dxe5 Bc2 20. Qd4 Bxa4 21. Qxa7 Bc6 22. Be3 Ra8 23. Qd4 Bd7 24. Rfc1 Qe8 25. Rc3 Bb5 26. Bxb5 Qxb5 27. Rac1 Nd8 28. Qg4 Qe2 29. Bh6 Rf7 30. Rc8 Rxc8 31. Rxc8 Qe4 32. Bg5 Rxf3 33. Qxe4 dxe4 34. Bxe7 Rxa3 35. Bxd8 e3 36. Kf1 Ra1+ 37. Ke2 Ra2+ 38. Kxe3 Rxg2 1-0

[Event "POL-chT 2nd League"]
[Site "Mrzezyno"]
[Date "2011.09.08"]
[Round "6.26"]
[White "Ciesla, Adam"]
[Black "Tokarski, Lukasz"]
[Result "1-0"]
[WhiteElo "2313"]
[BlackElo "2304"]
[PlyCount "73"]
[EventDate "2011.09.03"]
[EventType "team-swiss"]
[EventRounds "9"]
[EventCountry "POL"]
[SourceTitle "EXT 2015"]
[Source "ChessBase"]
[SourceDate "2014.11.20"]
[SourceVersion "1"]
[SourceVersionDate "2014.11.20"]
[SourceQuality "1"]
[WhiteTeam "Czestochowa UKS Hetman"]
[BlackTeam "Jaworzno JKSz MCKiS"]
[WhiteTeamCountry "POL"]
[BlackTeamCountry "POL"]

1. e4 c5 2. c3 Nf6 3. e5 Nd5 4. Nf3 e6 5. Na3 d6 6. exd6 Bxd6 7. Nc4 Be7 8. g3 Nc6 9. Bg2 Qc7 10. 0-0 0-0 11. Re1 Bf6 12. h4 b5 13. Ne3 Nxe3 14. dxe3 Rb8 15. e4 Rd8 16. Qc2 e5 17. Nd2 Be6 18. Nf1 Bc4 19. Bg5 Bxg5 20. hxg5 Bd3 21. Qc1 Qe7 22. f4 exf4 23. gxf4 Qc7 24. Ng3 Ne7 25. Qe3 c4 26. Rad1 b4 27. cxb4 Rxb4 28. Rd2 Ng6 29. Nh5 Qa5 30. b3 Nh4 31. bxc4 Nxg2 32. Kxg2 Bxe4+ 33. Qxe4 Rxd2+ 34. Kg3 h6 35. g6 Qa3+ 36. Re3 Rxc4 37. gxf7+ 1-0

[Event "POL-chT 62th"]
[Site "Ustron"]
[Date "2006.09.04"]
[Round "3"]
[White "Czakon, Jakub"]
[Black "Ciesla, Adam"]
[Result "1-0"]
[WhiteElo "2484"]
[BlackElo "2306"]
[PlyCount "79"]
[EventDate "2006.09.02"]
[EventType "team-tourn"]
[EventRounds "9"]
[EventCountry "POL"]
[SourceTitle "EXT 2019"]
[Source "ChessBase"]
[SourceDate "2018.10.10"]
[SourceVersion "1"]
[SourceVersionDate "2018.10.10"]
[SourceQuality "1"]
[WhiteTeam "Jaworzno JKSz MCKiS"]
[BlackTeam "Czestochowa Hetman"]
[WhiteTeamCountry "POL"]
[BlackTeamCountry "POL"]

1. d4 Nf6 2. c4 g6 3. Nc3 Bg7 4. e4 d6 5. Nf3 0-0 6. Be2 e5 7. 0-0 Na6 8. Re1 c6 9. Bf1 Bg4 10. d5 Nb4 11. Be2 a5 12. Bg5 h6 13. Be3 c5 14. h3 Bd7 15. Qd2 Kh7 16. Nh2 Na6 17. f4 a4 18. a3 Qa5 19. Bd1 Nc7 20. Nf3 Nfe8 21. Bc2 b5 22. fxe5 b4 23. axb4 Qxb4 24. Nxa4 Qxd2 25. Bxd2 Bxa4 26. Rxa4 Rb8 27. b3 dxe5 28. Be3 Nd6 29. Bxc5 Rfd8 30. Bf2 Rdc8 31. Bg3 f6 32. Rea1 Bf8 33. Ne1 Kg8 34. Kf1 h5 35. Ke2 Rb7 36. Kf3 Rbb8 37. R4a2 Nb7 38. Nd3 Ne8 39. Ra6 Ned6 40. Rc6 1-0